Library Banner

Shakast ki fateh = ژکست کی فتح / (Record no. 114636)

MARC details
000 -LEADER
fixed length control field 00518nam a22001697a 4500
005 - DATE AND TIME OF LATEST TRANSACTION
control field 20191113111026.0
008 - FIXED-LENGTH DATA ELEMENTS--GENERAL INFORMATION
fixed length control field 191113b ||||| |||| 00| 0 eng d
020 ## - INTERNATIONAL STANDARD BOOK NUMBER
International Standard Book Number 9789691739909
040 ## - CATALOGING SOURCE
Transcribing agency PK-LaUMT
082 ## - DEWEY DECIMAL CLASSIFICATION NUMBER
Classification number 891.4393
Item number TAH-S
100 ## - MAIN ENTRY--PERSONAL NAME
Personal name Tahir Javed Mugal = طاہر جاوید مغل
245 ## - TITLE STATEMENT
Title Shakast ki fateh = ژکست کی فتح /
Statement of responsibility, etc by Tahir Javed Mugal = طاہر جاوید مغل
260 ## - PUBLICATION, DISTRIBUTION, ETC. (IMPRINT)
Place of publication, distribution, etc Lahore :
Name of publisher, distributor, etc Ali Mian Publications,
Date of publication, distribution, etc 2019
300 ## - PHYSICAL DESCRIPTION
Extent 254 p.
546 ## - LANGUAGE NOTE
Language note Urdu
942 ## - ADDED ENTRY ELEMENTS (KOHA)
Koha item type Books
Holdings
Withdrawn status Lost status Damaged status Home library Current library Date acquired Full call number Barcode Date last seen Price effective from Koha item type
      UMT Main Campus UMT Main Campus 2019-11-13 891.4393 TAH-S 131153 2023-11-17 2019-11-13 Books